|
|
|
|
| LEADER |
00000cam a2200000 i 4500 |
| 001 |
1/30271 |
| 008 |
950407s1976 eng d |
| 020 |
|
|
|a 0902308092
|c Ή8.50
|
| 035 |
|
|
|l 10023371
|
| 040 |
|
|
|a GR-MY-UA
|b gre
|e aacr
|
| 041 |
0 |
|
|a eng
|
| 082 |
0 |
|
|a 320/.01
|
| 100 |
1 |
|
|a Therborn, Goran
|d 1941-
|
| 245 |
1 |
0 |
|a Science, class, and society :
|b on the formation of sociology and historical materialism /
|c Goran Therborn
|
| 260 |
|
|
|a London :
|b NLB,
|c 1976
|
| 300 |
|
|
|a 461 p.;
|c 22 cm
|
| 500 |
|
|
|a Includes index
|
| 504 |
|
|
|a Bibliography: p. 431-450
|
| 650 |
0 |
0 |
|a Sociology.
|
| 650 |
0 |
0 |
|a Historical materialism.
|
| 852 |
|
|
|a INST
|b CHIOS
|e 19950407
|h 301 THE
|p 005200001853
|q 005200001853
|t BK
|y 0
|
| 909 |
|
|
|a Χ
|b 001617
|